| 000 | 00353nam a22001337a 4500 | ||
|---|---|---|---|
| 020 | _a8122411495 | ||
| 082 |
_a519.3 _bRAO/EN |
||
| 100 |
_aRao,Singiresu S. _91353 |
||
| 245 | _aEngineering Optimization: Theory and Practice | ||
| 250 | _a3 rd | ||
| 260 |
_aNew Delhi _bNew Age International (P) Limited, Publishers _c2003 |
||
| 300 | _a903 | ||
| 942 | _cBBS | ||
| 999 |
_c14750 _d14750 |
||